LA INMORTALIDAD
Gardado en:
| Autor Principal: | |
|---|---|
| Formato: | Libro |
| Idioma: | Spanish |
| Publicado: |
Barcelona, España
Tusquets Editores S.A.
1990
|
| Materias: | |
| Etiquetas: |
Engadir etiqueta
Sen Etiquetas, Sexa o primeiro en etiquetar este rexistro!
|
MARC
| LEADER | 00000nam a22000007a 4500 | ||
|---|---|---|---|
| 008 | 171130b xxu||||| |||| 00| 0 spa d | ||
| 040 | |a cru BVZT | ||
| 090 | |a 800-Ch K-1i | ||
| 100 | |a Kundera, Milan | ||
| 245 | |a LA INMORTALIDAD |c Milan Kundera; Fernando de Valenzuela (Trad.) | ||
| 260 | |a Barcelona, España |b Tusquets Editores S.A. |c 1990 | ||
| 300 | |a 412 páginas | ||
| 650 | |a LITERATURA CHECOSLOVACA | ||
| 650 | |a NOVELA | ||
| 942 | |c 15 D | ||
| 999 | |c 15417 |d 15417 | ||
